000 01190nam a22002897a 4500
003 KOHA_MİRAKIL
005 20260511063432.0
008 260507b tu ||||| |||| 00| 0 tur d
020 _a9789755334011
040 _aTR-AnABB
_btur
_cTR-AnABB
041 _atur
082 _a909.03
_bBRA 2004
100 1 _aBraudel, Fernand
245 1 0 _aMaddi uygarlık :
_bdünyanın zamanı /
_cFernand Braudel ; Fransızca aslından çeviren : Mehmet Ali Kılıçbay
246 _aEkonomi ve kapitalizm XV-XVII yüzyıllar
246 _aMaddi uygarlık
250 _a3. baskı
260 _aAnkara :
_bİmge Kitabevi,
_c2017
300 _a607 sayfa ;
_c20 cm
500 _aOrjinal eseradı: Civilisation materielle economie et capitalisme
500 _aDizin vardır
505 _aİçindekiler: Avrupa'da zamanın ve mekanın bölümleri - Avrupa'da kent egemenliğindeki eski ekonomiler: Venedik'ten önce ve sonra - Ulusal pazarlar - Dünya Avrupa'dan yana ya da Avrupa'ya karşı - Endüstri devrimi ve büyüme
650 0 4 _aUygarlık tarihi, Ortaçağ
700 1 _aKılıçbay, Mehmet Ali,
_eçeviren
_93603
900 _bCan ÇELIK
942 _2ddc
_cBK
999 _c10359
_d10359